| 000 | 01230cam a2200229 4500 | ||
|---|---|---|---|
| 001 | WB@3612-467 | ||
| 008 | 041026n2004 000 0 eng u | ||
| 035 | _a(Sirsi) u127823 | ||
| 245 | _aFourth consecutive monthly fall for house prices | ||
| 260 | _c2004 | ||
| 490 |
_aHometrack Press Release _v25 October 2004 (10) |
||
| 520 | _aThe Hometrack "Monthly national survey: October 2004" shows that there has been a -0.6% fall in average national house prices. Over the last eight months house price inflation has reduced from a peak of +0.9% in February 2004 to negative price growth since the summer. Agreed sales fell by 1% this month and the average time taken to sell has risen to 6.5 weeks. The average price achieved fell further to 93.7% of the asking price, the lowest level recorded by Hometrack, indicating that a buyers market remains in force. No counties reported house price rises. For further details go to the website. http://www.hometrack.co.uk/ | ||
| 590 | _aWB | ||
| 590 | _aWB | ||
| 650 | _aHOMETRACK.CO.UK HOUSE PRICE INDEX | ||
| 650 | _aHOUSE PRICE INFLATION | ||
| 650 | _aINTEREST RATES | ||
| 650 | _aHOUSING-MARKET | ||
| 650 | _aHOMEBUYING | ||
| 690 | _aHOUSING-HOUSE PRICES | ||
| 942 | _n0 | ||
| 999 |
_c118224 _d118224 |
||